The Joys of Crisis: (Record no. 199110)

MARC details
000 -LEADER
fixed length control field 00629nam a22001937a 4500
005 - DATE AND TIME OF LATEST TRANSACTION
control field 20231116115848.0
010 ## - LCCN (DPL NO)
LC control number ENG-138396
020 ## - INTERNATIONAL STANDARD BOOK NUMBER
Terms of availability 795.00
International Standard Book Number 9789357022361
035 ## - SYSTEM CONTROL NUMBER
System control number EN-121928
037 ## - SOURCE OF ACQUISITION
Source of stock number/acquisition DBAD
082 ## - DEWEY DECIMAL CLASSIFICATION NUMBER
Classification number 338.1620954
Edition number First
100 ## - MAIN ENTRY--PERSONAL NAME
Personal name Mitra, Aarnab
245 ## - TITLE STATEMENT
Title The Joys of Crisis:
Remainder of title How U.S Awasthi Scripted The Rise of IFFCO/
Statement of responsibility, etc By Aarnab Mitra
Medium English
250 ## - EDITION STATEMENT
Edition statement First
260 ## - PUBLICATION, DISTRIBUTION, ETC. (IMPRINT)
Name of publisher, distributor, etc Rupa Publications Inda Pvt Ltd
Date of publication, distribution, etc 2023
Place of publication, distribution, etc New Delhi
270 ## - ADDRESS
Address 7/16, Ansari Road Darya Ganj
City New Delhi
Postal code 110002
300 ## - PHYSICAL DESCRIPTION
Extent 234p.
Dimensions 22cm(hbk)
Other physical details ill.
942 ## - ADDED ENTRY ELEMENTS (KOHA)
Source of classification or shelving scheme Dewey Decimal Classification
Item type English Books
Classification part 338.1620954
Call number suffix MIT
Holdings
Withdrawn status Lost status Not for loan Collection code Home library Current library Date acquired Source of acquisition Cost, normal purchase price Full call number Barcode Copy number Cost, replacement price Koha item type
      Non-fiction Bawana Bawana 16/11/2023 DBAD/PUB 795.00 338.1620954 MIT EN-121928 1 795.00 English Books

© Delhi Public Library
Hit Counter
free hit counter